|
|
|
|
| LEADER |
00722nab a2200157 i 4500 |
| 001 |
univ77458 |
| 005 |
20260604085306.0 |
| 008 |
260511s2026 hu o 000 hun d |
| 040 |
|
|
|a SZTE UnivHistória Repozitórium
|b hun
|
| 041 |
|
|
|a hun
|
| 245 |
0 |
0 |
|a Görög Márta lesz az igazságügyi miniszter
|h [elektronikus dokumentum]
|
| 260 |
|
|
|c 2026-05-08
|
| 490 |
0 |
|
|a Mti.hu
|
| 561 |
|
|
|a Egyetemi hirarchívum
|
| 695 |
|
|
|a Kinevezés - igazságügyi miniszter - Tisza-kormány, Görög Márta - dékán, Állam- és Jogtudományi Kar - ÁJTK
|
| 856 |
4 |
0 |
|u http://univ.bibl.u-szeged.hu/77458/1/Nemzeti%20H%C3%ADr%C3%BCgyn%C3%B6ks%C3%A9g%20-%20G%C3%B6r%C3%B6g%20M%C3%A1rta%20lesz%20az%20igazs%C3%A1g%C3%BCgyi%20miniszter.pdf
|z Dokumentum-elérés
|